Normal view
MARC view
- Eminger, Z
Entry Personal Name
001 - CONTROL NUMBER
- control field: 7336
003 - CONTROL NUMBER IDENTIFIER
- control field: OSt
005 - DATE AND TIME OF LATEST TRANSACTION
- control field: 20250325155535.0
008 - FIXED-LENGTH DATA ELEMENTS
- fixed length control field: 250325|| aca||aabn | a|a d
040 ## - CATALOGING SOURCE
- Original cataloging agency: OSt
- Transcribing agency: OSt
100 ## - HEADING--PERSONAL NAME
- Personal name: Eminger, Z
670 ## - SOURCE DATA FOUND
- Source citation: Work cat.: (OSt)1687: Eminger, Z ., Cost tools / , 1957.
